[Event "R1 - Cahors-CEIT"]
[Site "Cahors"]
[Date "2007.??.??"]
[Round "6"]
[White "Bedel, Jean"]
[Black "Dehaine, Guy"]
[Result "1/2-1/2"]
[WhiteElo "1780"]
[BlackElo "1860"]
[EventDate "2007.??.??"]
[PlyCount "108"]

1.d4 d5 2.c4 c6 3.Nf3 Nf6 4.Nc3 e6 5.e3 Nbd7 6.Bd3 Bd6 7.O-O h6 8.e4 dxe4 
9.Nxe4 Nxe4 10.Bxe4 Nf6 11.Re1 Be7 12.Bf4 Bd6 13.Bxd6 Qxd6 14.d5 Nxe4 15.
Rxe4 cxd5 16.Qxd5 Qxd5 17.cxd5 Bd7 18.Rc1 Rc8 19.Rxc8+ Bxc8 20.Rc4 O-O 21.
d6 f6 22.Rd4 Bd7 23.Kf1 Rd8 24.Ke2 Bc6 25.a3 Bd5 26.g3 Rxd6 27.Ne1 Rb6 28.
Rd2 Kf7 29.Ke3 g5 30.f4 Kg6 31.Nd3 Rb3 32.Kd4 Rb6 33.Rf2 Bc6 34.fxg5 hxg5 
35.Nc5 Kf7 36.Nd3 Rb5 37.Nc5 b6 38.Nd3 e5+ 39.Kc4 e4 40.Nb4 Rc5+ 41.Kd4 
Bb7 42.Nc2 Kg6 43.Ke3 f5 44.Nd4 a5 45.Ne6 Rd5 46.Nd4 b5 47.Rc2 f4+ 48.gxf4
gxf4+ 49.Kxe4 f3 50.Ke3 Rh5 51.Nxf3 Rh3 52.Rf2 Bxf3 53.Rxf3 Rxh2 54.b4 
axb4 1/2-1/2

[Event "Nationale IV"]
[Site "?"]
[Date "2007.??.??"]
[Round "7.5"]
[White "Porche Christian"]
[Black "Evrard Emmanuel"]
[Result "0-1"]
[WhiteElo "1700"]
[BlackElo "1750"]
[EventDate "2007.??.??"]
[PlyCount "62"]

1.e4 d6 2.d4 Nf6 3.Nc3 g6 4.Nf3 Bg7 5.Bc4 O-O 6.O-O Nc6 7.Bg5 Nxe4 8.Nxe4 
d5 9.Bxd5 Qxd5 10.Nc3 Qd8 11.Re1 f6 12.Be3 b6 13.Qd3 Bb7 14.Bf4 Kh8 15.a3 
e5 16.dxe5 Qxd3 17.cxd3 fxe5 18.Bxe5 Nxe5 19.Nxe5 Rf5 20.Nc4 Raf8 21.Re2 
a6 22.Rae1 Bd4 23.Nd1 Kg7 24.Nce3 Rg5 25.h4 Rh5 26.g3 Bf3 27.Rc2 c5 28.b4 
Rf6 29.Kf1 g5 30.Ng4 Bxg4 31.Kg2 Bf3+ 0-1

[Event "N4 Montauban-Albi"]
[Site "?"]
[Date "2007.??.??"]
[Round "5.8"]
[White "Krasnobroda"]
[Black "Bashaev, Serguei"]
[Result "0-1"]
[WhiteElo "1400"]
[BlackElo "1499"]
[EventDate "2007.??.??"]
[PlyCount "112"]

1.e4 e5 2.Nf3 Nc6 3.Bc4 Bc5 4.O-O Nf6 5.Nc3 a6 6.d3 h6 7.Be3 Be7 8.h3 d6 
9.Nh2 Na5 10.Bb3 Nxb3 11.axb3 Be6 12.f4 exf4 13.Bxf4 Qd7 14.Qf3 g5 15.Be3 
Rg8 16.g4 h5 17.Bd4 hxg4 18.hxg4 Bxg4 19.Nxg4 Qxg4+ 20.Qxg4 Nxg4 21.b4 c6 
22.Na4 Ne5 23.Rf5 f6 24.Nc3 O-O-O 25.Kg2 Rh8 26.Ne2 Rh6 27.Rg1 Rdh8 28.Kf1
Rh2 29.Ke1 R8h3 30.Kd1 Nf3 31.Rf1 Rxe2 32.R5xf3 Rhh2 33.R3f2 Rexf2 34.Bxf2
Kd7 35.Ke2 d5 36.c3 dxe4 37.dxe4 Bd6 38.Rd1 Ke6 39.Kf3 g4+ 40.Ke3 Rh3+ 41.
Ke2 g3 42.Bg1 Rh4 43.Kd3 Rf4 44.Re1 f5 45.exf5+ Kxf5 46.Kd2 Be5 47.Re2 Re4
48.Ke1 Rxe2+ 49.Kxe2 Ke4 50.Bc5 Bf4 51.Bg1 Bc1 52.b3 Bf4 53.Bd4 Be5 54.
Bxe5 Kxe5 55.Kf3 g2 56.Kxg2 Ke4 0-1

[Event "N4 Montauban-Albi"]
[Site "?"]
[Date "2007.??.??"]
[Round "5.7"]
[White "Ravon, Michel"]
[Black "De Baralle, Michel"]
[Result "1-0"]
[WhiteElo "1550"]
[BlackElo "1500"]
[EventDate "2007.??.??"]
[PlyCount "101"]

1.d4 d5 2.c4 c6 3.Nc3 Nf6 4.Bf4 e6 5.e3 Be7 6.Nf3 O-O 7.Bd3 Nbd7 8.Ne5 
Nxe5 9.Bxe5 Bd6 10.Bxd6 Qxd6 11.O-O Bd7 12.h3 Rac8 13.c5 Qe7 14.e4 dxe4 
15.Nxe4 Nxe4 16.Bxe4 f5 17.Bf3 Rf6 18.Re1 Qf7 19.Qb3 Rb8 20.Qc3 Kh8 21.Qa5
Ra8 22.b4 Be8 23.Qa3 g5 24.Qe3 g4 25.hxg4 fxg4 26.Bxg4 Bd7 27.Qe5 Rf8 28.
Re3 Kg8 29.Bh5 Qe7 30.Rg3+ Kh8 31.Rf1 h6 32.Bf3 Rf7 33.Be4 Rg7 34.Rxg7 
Qxg7 35.f4 Kg8 36.Rf3 Kf7 37.Kf2 Qg4 38.Qc7 Ke7 39.b5 cxb5 40.Bxb7 Qf5 41.
Qe5 Qc2+ 42.Qe2 Qa4 43.Qd2 b4 44.d5 Qb5 45.d6+ Kf7 46.Qc2 Rf5 47.c6 Qb6+ 
48.Kg3 Rc5 49.Qh7+ Kf6 50.Qe7+ Kg6 51.cxd7 1-0

[Event "N4 Montauban-Albi"]
[Site "?"]
[Date "2007.??.??"]
[Round "5.6"]
[White "Adiba, Jean-Claude"]
[Black "Joanez, Virginie"]
[Result "0-1"]
[WhiteElo "1560"]
[BlackElo "1660"]
[EventDate "2007.??.??"]
[PlyCount "88"]

1.d4 d5 2.Nf3 Nf6 3.Bf4 Bg4 4.Nbd2 Nbd7 5.c3 e6 6.Bg5 c5 7.Ne5 Be7 8.Qa4 
O-O 9.Bxf6 Nxf6 10.dxc5 Bf5 11.g4 Qc7 12.Ndf3 Be4 13.Bh3 Bxc5 14.O-O Bd6 
15.Qd4 h6 16.b4 Nh7 17.c4 Bxb4 18.cxd5 Bxf3 19.exf3 Bc3 20.d6 Bxd4 21.dxc7
Bxe5 22.Rac1 Rac8 23.Rc5 f6 24.Re1 Ng5 25.Bg2 Rf7 26.h4 Nh7 27.f4 Bxf4 28.
Rxe6 Rfxc7 29.Rb5 Rc1+ 30.Bf1 b6 31.Kg2 Kf7 32.Re4 Be5 33.Ra4 R8c7 34.Bd3 
Nf8 35.Be4 g6 36.f4 Bd6 37.Rb2 Kg7 38.f5 gxf5 39.Bxf5 Ng6 40.Bxg6 Kxg6 41.
Re4 R7c2+ 42.Rxc2 Rxc2+ 43.Kf3 h5 44.gxh5+ Kxh5 0-1

[Event "N4 Montauban-Albi"]
[Site "?"]
[Date "2007.??.??"]
[Round "5.5"]
[White "De Jong, Arjen"]
[Black "Donadille, Romuald"]
[Result "1-0"]
[WhiteElo "1710"]
[BlackElo "1720"]
[EventDate "2007.??.??"]
[PlyCount "75"]

1.e4 g6 2.d4 Bg7 3.Nf3 d6 4.Bc4 Nf6 5.Nbd2 O-O 6.c3 a6 7.O-O b5 8.Bb3 Bb7 
9.Re1 c5 10.d5 Nbd7 11.Nf1 c4 12.Bc2 Nc5 13.Ng3 e6 14.dxe6 Nxe6 15.Nd4 Re8
16.f3 d5 17.e5 Nd7 18.f4 Nec5 19.Be3 f6 20.exf6 Qxf6 21.f5 Ne4 22.fxg6 
Qxg6 23.Ngf5 Ndc5 24.Rf1 Re5 25.Nxg7 Kxg7 26.Nf3 Nd7 27.Nxe5 Nxe5 28.Bd4 
Re8 29.Qe2 Kg8 30.Bxe5 Rxe5 31.Rf3 Qe8 32.Re3 Kh8 33.Rf1 Qe7 34.Bxe4 dxe4 
35.Rf4 Qc5 36.Qf2 Re8 37.Rf7 Bd5 38.Qf6+ 1-0

[Event "N4 Montauban-Albi"]
[Site "?"]
[Date "2007.??.??"]
[Round "5.4"]
[White "Fabre, Philippe"]
[Black "Lecoultre, Patrick"]
[Result "1-0"]
[WhiteElo "1720"]
[BlackElo "1738"]
[EventDate "2007.??.??"]
[PlyCount "53"]

1.e4 c5 2.Nf3 g6 3.d4 Bg7 4.Nc3 cxd4 5.Nxd4 Nc6 6.Be3 Nf6 7.f3 O-O 8.Qd2 
a6 9.O-O-O Qc7 10.Kb1 b5 11.g4 Bb7 12.g5 Nh5 13.Nd5 Qd8 14.Nxc6 dxc6 15.
Bb6 Qd6 16.Bc7 Qe6 17.Nb6 Ra7 18.Nd7 Re8 19.Qe3 Raa8 20.Qb6 f5 21.Qxb7 
fxe4 22.Nb6 e3 23.Be2 Rf8 24.Nxa8 Nf4 25.Bxf4 Rxf4 26.Qb8+ Rf8 27.Rd8 1-0

[Event "N4 Montauban-Albi"]
[Site "?"]
[Date "2007.??.??"]
[Round "5.3"]
[White "Hoareau, Nicolas"]
[Black "Daourbekov, Said"]
[Result "1-0"]
[WhiteElo "1860"]
[BlackElo "1730"]
[EventDate "2007.??.??"]
[PlyCount "97"]

1.d4 g6 2.Nf3 Bg7 3.e4 d6 4.h3 Nc6 5.Be3 Nf6 6.Nc3 O-O 7.Qd2 a6 8.a3 b5 9.
Be2 Bb7 10.Bh6 e6 11.O-O Ne7 12.Bxg7 Kxg7 13.Qe3 Nd7 14.Rad1 Nb6 15.Rfe1 
Qd7 16.Bd3 Rae8 17.Ne2 Rc8 18.Qg5 c5 19.c3 Nc4 20.Nf4 Ng8 21.Nh5+ Kh8 22.
Nf6 Nxf6 23.Qxf6+ Kg8 24.Bxc4 bxc4 25.dxc5 Rxc5 26.Qd4 Rd8 27.Qxc5 dxc5 
28.Rxd7 Rxd7 29.Ne5 Rd2 30.Nxc4 Rc2 31.f3 f5 32.exf5 exf5 33.Re8+ Kf7 34.
Nd6+ Kf6 35.Nxb7 Rxb2 36.Nxc5 Rc2 37.Re6+ Kf7 38.Rxa6 Rxc3 39.Nb7 Rb3 40.
Nd6+ Ke7 41.Nc4 Rc3 42.Nb6 Kd8 43.a4 Rc2 44.Ra7 h6 45.a5 Ra2 46.a6 f4 47.
Rd7+ Ke8 48.a7 Ra6 49.Rb7 1-0

[Event "N4 Montauban-Albi"]
[Site "?"]
[Date "2007.??.??"]
[Round "5.2"]
[White "Schegerin, Andre"]
[Black "Canivet, Christophe"]
[Result "0-1"]
[WhiteElo "1840"]
[BlackElo "1865"]
[EventDate "2007.??.??"]
[PlyCount "166"]

1.Nf3 Nc6 2.d4 e6 3.Bf4 d5 4.e3 Bd6 5.Bg3 Nf6 6.Bd3 Nb4 7.Nbd2 Nxd3+ 8.
cxd3 c5 9.dxc5 Bxc5 10.Bh4 Be7 11.Rc1 O-O 12.Bg3 Bd6 13.O-O Bxg3 14.hxg3 
Bd7 15.Qb3 Bc6 16.Ne5 Rc8 17.Rc3 Qd6 18.d4 Rc7 19.Rfc1 Rfc8 20.Qc2 Nd7 21.
Nxd7 Qxd7 22.Nb3 g6 23.Nc5 Qd8 24.Nxb7 Rxb7 25.Rxc6 Rxc6 26.Qxc6 Rxb2 27.
Qa4 Qb8 28.Qa3 Rb1 29.Rxb1 Qxb1+ 30.Kh2 Qb6 31.g4 a5 32.Kg3 Qc7+ 33.Kf3 g5
34.Qb3 Kf8 35.Qd3 f6 36.g3 Kg7 37.Ke2 Qc1 38.Qb3 Kg6 39.Qa4 Qb2+ 40.Kf3 e5
41.Qe8+ Kg7 42.Qd7+ Kg6 43.Qxd5 exd4 44.exd4 Qc3+ 45.Kg2 Kg7 46.Qd7+ Kg6 
47.a4 Qd3 48.Qd5 Kg7 49.Qxa5 Qe4+ 50.Kh2 Qxd4 51.Qc7+ Kg6 52.Qc2+ Kg7 53.
f3 Qd5 54.Kg2 Qa5 55.Kf2 Qa7+ 56.Kg2 Qa5 57.Qa2 Kf8 58.Qc2 Kg7 59.f4 Qd5+ 
60.Kh2 gxf4 61.Qc7+ Kg6 62.Qxf4 Qa2+ 63.Kg1 Qa1+ 64.Kg2 Qa2+ 65.Kf3 Qb3+ 
66.Kf2 Qa2+ 67.Kg1 Qa1+ 68.Kh2 Qa2+ 69.Kh3 Qa1 70.Qe4+ Kg7 71.Kh4 Qa2 72.
Kh3 Qa1 73.Qc6 Qf1+ 74.Qg2 Qa1 75.Qb7+ Kg6 76.Qe4+ Kg7 77.Qe7+ Kg6 78.Qe8+
Kg7 79.Kg2 Qb2+ 80.Kf3 Qc3+ 81.Kf4 Qd4+ 82.Kf5 Qc5+ 83.Kf4 Qf2+ 0-1

[Event "N4 Montauban-Albi"]
[Site "?"]
[Date "2007.??.??"]
[Round "5.1"]
[White "Gregory, Daniel"]
[Black "Sujoyan, Ararat"]
[Result "1-0"]
[WhiteElo "2075"]
[BlackElo "1860"]
[EventDate "2007.??.??"]
[PlyCount "41"]

1.Nf3 g6 2.g3 d5 3.d4 Bg7 4.Bg2 Bg4 5.c4 e6 6.Qb3 b6 7.Nc3 Ne7 8.Ne5 Bxe5 
9.dxe5 Bf5 10.cxd5 exd5 11.Nxd5 Nxd5 12.Bxd5 Be6 13.Bxe6 Qe7 14.Bd5 c6 15.
Bf3 O-O 16.Bf4 Na6 17.Qc3 Rac8 18.Bh6 Rfe8 19.e6 f6 20.O-O Qxe6 21.Qa3 1-0

[Event "Open FIDE de Pau"]
[Site "Pau"]
[Date "2007.??.??"]
[Round "6.9"]
[White "Rouqual, Guy"]
[Black "Forestie, Pierre"]
[Result "0-1"]
[WhiteElo "1850"]
[BlackElo "2024"]
[PlyCount "50"]

1.d4 d5 2.Nf3 Bf5 3.e3 e6 4.Bd3 Bg6 5.Nbd2 Nf6 6.O-O c5 7.Bb5+ Nbd7 8.c3 
Bd6 9.Ne5 a6 10.Bxd7+ Nxd7 11.f4 Nf6 12.Nxg6 hxg6 13.Nf3 Ne4 14.Ne5 Bxe5 
15.fxe5 Qh4 16.h3 O-O-O 17.Bd2 f5 18.Be1 Qh6 19.Rf3 g5 20.Kf1 g4 21.hxg4 
fxg4 22.Rf4 Qh1+ 23.Ke2 Qxg2+ 24.Bf2 Rh2 25.dxc5 Nxf2 0-1

[Event "Open FIDE de Pau"]
[Site "Pau"]
[Date "2007.??.??"]
[Round "6.10"]
[White "Torres, Patrice"]
[Black "Garrel, Pascal"]
[Result "1/2-1/2"]
[WhiteElo "2012"]
[BlackElo "1772"]
[PlyCount "95"]

1.d4 d6 2.c4 g6 3.e4 Bg7 4.Nc3 Nf6 5.Nf3 O-O 6.Be2 c5 7.dxc5 dxc5 8.Be3 b6
9.O-O Bb7 10.Qc2 Nc6 11.h3 Nb4 12.Qb1 e6 13.e5 Nd7 14.Rd1 Qc8 15.Nb5 Nxe5 
16.Nd6 Qc7 17.Nxb7 Qxb7 18.Nxe5 Bxe5 19.Bf3 Qc7 20.Bxa8 Rxa8 21.Qe4 Rc8 
22.a3 Nc6 23.Qc2 Nd4 24.Bxd4 Bxd4 25.Rab1 a5 26.Qe2 Qe5 27.Qxe5 Bxe5 28.a4
Bd4 29.Kf1 e5 30.Ke2 Rc6 31.f3 Rf6 32.Rf1 h5 33.g4 h4 34.b3 Rf4 35.Kd3 Kg7
36.Rbe1 g5 37.Re4 Rf6 38.Ke2 Kg6 39.Rd1 Re6 40.Kf1 Kf6 41.Rde1 Ke7 42.Kg2 
Kd6 43.R1e2 Ke7 44.f4 exf4 45.Kf3 Be3 46.Rxe6+ fxe6 47.Ke4 Bd4 48.Rd2 
1/2-1/2

[Event "Open FIDE de Pau"]
[Site "Pau"]
[Date "2007.??.??"]
[Round "6.4"]
[White "Fejzovski, Enver"]
[Black "Lacroix, Romain"]
[Result "1-0"]
[WhiteElo "2123"]
[BlackElo "2170"]
[PlyCount "93"]

1.Nf3 d5 2.b3 Nf6 3.Bb2 c6 4.g3 Bf5 5.Bg2 Nbd7 6.d3 Qc7 7.Nbd2 e5 8.c4 Bd6
9.cxd5 cxd5 10.O-O O-O 11.Rc1 Qd8 12.e4 Bg6 13.Nh4 Nc5 14.Nxg6 fxg6 15.Qe2
dxe4 16.dxe4 Qe7 17.Nc4 Ncd7 18.Nxd6 Qxd6 19.Rfd1 Qb6 20.Bh3 Rad8 21.Ba3 
Rfe8 22.Rd6 Qa5 23.Qc4+ Kh8 24.Bb4 Qxa2 25.Qd3 a5 26.Bxd7 axb4 27.Bxe8 
Rxe8 28.Rd8 Rxd8 29.Qxd8+ Ng8 30.Qd5 Qa8 31.Qe6 Qa2 32.Qd5 Qa8 33.Qxe5 h6 
34.Rc7 Qf8 35.Rxb7 Kh7 36.Rb8 Qf3 37.Rxg8 Kxg8 38.Qb8+ Kh7 39.Qxb4 g5 40.
Qc4 g4 41.Qc2 h5 42.e5+ g6 43.Qc7+ Kh6 44.Qc1+ g5 45.e6 Qxb3 46.e7 Qe6 47.
Qe3 1-0

[Event "Open FIDE de Pau"]
[Site "Pau"]
[Date "2007.??.??"]
[Round "6.1"]
[White "Tesan, Michael"]
[Black "Franca, Ricardo Bedin"]
[Result "0-1"]
[WhiteElo "2071"]
[BlackElo "2215"]
[PlyCount "90"]

1.d4 d5 2.Nf3 Nf6 3.c4 c6 4.Qc2 g6 5.Bf4 Bg7 6.e3 O-O 7.Bd3 Be6 8.O-O dxc4
9.Bxc4 Bxc4 10.Qxc4 Nbd7 11.Nc3 Nh5 12.Bg5 h6 13.Bh4 g5 14.Bg3 Nxg3 15.
hxg3 Rc8 16.b4 Qc7 17.Rac1 e5 18.Ne4 exd4 19.Nxd4 Qe5 20.Nf3 Qe7 21.Rfd1 
Nb6 22.Qc2 Nd5 23.a3 Rfe8 24.Nc5 b6 25.Nb3 Nc3 26.Rd3 Ne4 27.Nbd4 c5 28.
Nf5 Qf6 29.Nxg7 Kxg7 30.b5 Rcd8 31.Rxd8 Qxd8 32.Rd1 Qf6 33.a4 Re6 34.Rd7 
Re7 35.Rd8 Re6 36.Ra8 Qa1+ 37.Kh2 Nf6 38.Qf5 Re4 39.g4 Rxg4 40.Rxa7 Rxa4 
41.Rb7 Qb2 42.Ne5 Rh4+ 43.Kg3 Ne4+ 44.Qxe4 Rxe4 45.Rxf7+ Kg8 0-1

[Event "Open FIDE de Pau"]
[Site "Pau"]
[Date "2007.??.??"]
[Round "5.15"]
[White "Petit, Georges"]
[Black "Rouqual, Guy"]
[Result "0-1"]
[WhiteElo "1580"]
[BlackElo "1850"]
[PlyCount "102"]

1.Nf3 Nf6 2.d4 d5 3.c4 c6 4.Bg5 e6 5.e3 Nbd7 6.Nc3 Be7 7.cxd5 exd5 8.Bd3 
h6 9.Bh4 O-O 10.O-O Re8 11.Qc2 Nf8 12.Rfe1 Bg4 13.Ne5 Bh5 14.Be2 Bxe2 15.
Rxe2 N8d7 16.Nd3 a6 17.Rae1 Ne4 18.Bxe7 Rxe7 19.f3 Ng5 20.Nf4 Nf6 21.Rf1 
Qd6 22.Nd1 Rae8 23.Nd3 Ne6 24.Rff2 Nf8 25.g3 N6h7 26.Nf4 Ne6 27.Ng2 Nhg5 
28.Nf4 Nxf4 29.gxf4 Nh3+ 30.Kf1 Nxf2 31.Rxf2 Re6 32.Rg2 Rf6 33.Rg4 Rc8 34.
Qg2 Rg6 35.Qh3 f5 36.Rg2 Qe6 37.Qh5 Kh7 38.Rg5 Rf8 39.Nf2 Rff6 40.Ke2 Kg8 
41.Rg3 c5 42.dxc5 d4 43.e4 Qc4+ 44.Nd3 Rxg3 45.Qe8+ Rf8 46.Qxf8+ Kxf8 47.
hxg3 Qc2+ 48.Ke1 Qxd3 49.exf5 Qxf3 50.b4 d3 51.a4 Qe2# 0-1

[Event "Open FIDE de Pau"]
[Site "Pau"]
[Date "2007.??.??"]
[Round "5.11"]
[White "Forestie, Pierre"]
[Black "Riviere, Frederic"]
[Result "1/2-1/2"]
[WhiteElo "2024"]
[BlackElo "1848"]
[PlyCount "46"]

1.e4 e5 2.Nf3 d6 3.d4 exd4 4.Nxd4 Nf6 5.Nc3 Bd7 6.Bc4 Nc6 7.f3 Be7 8.Be3 
a6 9.Qd2 Ne5 10.Be2 b5 11.O-O-O O-O 12.g4 b4 13.Nd5 c5 14.Nf5 Nxd5 15.Qxd5
Bxf5 16.gxf5 Nd7 17.Rhg1 Re8 18.Bc4 Ne5 19.Bb3 Rf8 20.Bxc5 Nxf3 21.Bxb4 
Nxg1 22.Rxg1 Qb6 23.Rg3 Qxb4 1/2-1/2

[Event "Open FIDE de Pau"]
[Site "Pau"]
[Date "2007.??.??"]
[Round "5.10"]
[White "Muratet, Lucas"]
[Black "Martinet, Regis"]
[Result "1/2-1/2"]
[WhiteElo "1885"]
[BlackElo "2067"]
[PlyCount "93"]

1.e4 c5 2.Nf3 Nc6 3.Nc3 Nf6 4.d4 cxd4 5.Nxd4 e5 6.Ndb5 d6 7.Bg5 a6 8.Na3 
b5 9.Nd5 Be7 10.Bxf6 Bxf6 11.c3 Ne7 12.Nxf6+ gxf6 13.Nc2 f5 14.exf5 Bxf5 
15.Ne3 Be6 16.a4 Rb8 17.axb5 axb5 18.g3 d5 19.Qh5 Qd6 20.Ng4 Bxg4 21.Qxg4 
h5 22.Qg5 d4 23.Bg2 dxc3 24.bxc3 h4 25.O-O hxg3 26.hxg3 Qh6 27.Qxh6 Rxh6 
28.Rfe1 Re6 29.Reb1 Reb6 30.Rb3 f5 31.Kf1 e4 32.g4 fxg4 33.Bxe4 Re6 34.Bd3
Re5 35.Rab1 Rd8 36.Bxb5+ Kf8 37.Be2 g3 38.R3b2 Nf5 39.Kg2 gxf2 40.Kxf2 Rd6
41.Rb8+ Kf7 42.Bc4+ Kf6 43.R8b6 Kg5 44.Rxd6 Nxd6 45.Ba6 Ne4+ 46.Kg2 Ra5 
47.Bb7 1/2-1/2

[Event "Open FIDE de Pau"]
[Site "Pau"]
[Date "2007.??.??"]
[Round "5.8"]
[White "Garrel, Pascal"]
[Black "Fejzovski, Ekrem"]
[Result "1/2-1/2"]
[WhiteElo "1772"]
[BlackElo "2173"]
[PlyCount "79"]

1.d4 e6 2.c4 d5 3.cxd5 exd5 4.Nf3 Bd6 5.Nc3 c6 6.Bg5 Ne7 7.Qd2 Bf5 8.e3 
O-O 9.Bd3 Bxd3 10.Qxd3 Na6 11.O-O f6 12.Bh4 Qd7 13.Bg3 Nf5 14.Bxd6 Nxd6 
15.Rac1 Rfe8 16.Na4 Rad8 17.Nc5 Nxc5 18.dxc5 Nf7 19.Nd4 g6 20.Rfd1 Re4 21.
Nf3 Qe7 22.Qa3 a6 23.Rd4 Re8 24.Rcd1 Nd8 25.Rxe4 Qxe4 26.Qd3 Ne6 27.Qc3 
Kf7 28.h3 h5 29.Nd4 Qe5 30.Qb4 Re7 31.Nxe6 Qxe6 32.Qd4 Qf5 33.Qd3 Re4 34.
f3 Rc4 35.e4 Qe6 36.exd5 cxd5 37.Qxd5 Qxd5 38.Rxd5 Ke6 39.Rd6+ Ke7 40.Rb6 
1/2-1/2

[Event "Open FIDE de Pau"]
[Site "Pau"]
[Date "2007.??.??"]
[Round "5.3"]
[White "Velten, Paul"]
[Black "Lacroix, Romain"]
[Result "1/2-1/2"]
[WhiteElo "2035"]
[BlackElo "2170"]
[PlyCount "100"]

1.d4 d5 2.c4 c6 3.Nf3 Nf6 4.Nc3 a6 5.cxd5 cxd5 6.Bg5 Nc6 7.e3 Bf5 8.Bd3 
Bxd3 9.Qxd3 e6 10.O-O Be7 11.Rfc1 O-O 12.h3 Rc8 13.Rab1 Na5 14.Ne5 Nc4 15.
Nxc4 dxc4 16.Qe2 b5 17.a4 b4 18.Bxf6 Bxf6 19.Ne4 Qd5 20.Nc5 Be7 21.Qxc4 
Bxc5 22.Qxd5 exd5 23.Rxc5 Rxc5 24.dxc5 Rc8 25.Rc1 Kf8 26.Kf1 Ke7 27.Ke2 
Kd7 28.Kd3 Kc6 29.Kd4 Re8 30.f3 Re6 31.e4 dxe4 32.fxe4 Rf6 33.Rc2 Rf1 34.
a5 Ra1 35.Kc4 Rxa5 36.Kxb4 Rb5+ 37.Ka4 a5 38.e5 g5 39.g3 h5 40.Rf2 Rxc5 
41.Rxf7 Rxe5 42.Rf6+ Kc7 43.Rh6 Re3 44.Rxh5 Rxg3 45.Kxa5 Rb3 46.Rxg5 Rxb2 
47.h4 Kd7 48.h5 Ke7 49.h6 Rh2 50.Rg6 Kf7 1/2-1/2

[Event "Open FIDE de Pau"]
[Site "Pau"]
[Date "2007.??.??"]
[Round "5.2"]
[White "Tesan, Michael"]
[Black "Aout, Sebastien"]
[Result "1/2-1/2"]
[WhiteElo "2071"]
[BlackElo "2237"]
[PlyCount "45"]

1.d4 d5 2.Nf3 Nf6 3.g3 g6 4.Bg2 Bg7 5.O-O O-O 6.Bf4 c5 7.c3 Qb6 8.Qb3 Qa5 
9.c4 cxd4 10.Nxd4 Qc5 11.Nf3 dxc4 12.Qa3 Qh5 13.Nbd2 Nc6 14.Nxc4 Bh3 15.
Nce5 Nd5 16.Nxc6 bxc6 17.Bd2 e5 18.e4 Nf6 19.Qe3 h6 20.Qc5 Rac8 21.Nh4 
Bxg2 22.Nxg2 a6 23.f3 1/2-1/2

[Event "Open FIDE de Pau"]
[Site "Pau"]
[Date "2007.??.??"]
[Round "5.1"]
[White "Franca, Ricardo Bedin"]
[Black "Saucey, Michel"]
[Result "1/2-1/2"]
[WhiteElo "2215"]
[BlackElo "2324"]
[PlyCount "75"]

1.e4 g6 2.d4 Bg7 3.Nc3 d6 4.g3 Nd7 5.Bg2 c5 6.Nge2 Rb8 7.a4 Ngf6 8.O-O O-O
9.h3 b6 10.Be3 a6 11.f4 cxd4 12.Nxd4 Bb7 13.Nb3 b5 14.axb5 axb5 15.Na5 Ba8
16.Ra2 b4 17.Nd5 e6 18.Nxf6+ Nxf6 19.Qd3 Qc7 20.Rc1 d5 21.e5 Ne4 22.Bd4 
Rfc8 23.Nb3 Bc6 24.Ra5 Bf8 25.Qe3 Ra8 26.Rxa8 Rxa8 27.Bf1 Ba4 28.Nd2 Bc6 
29.Bd3 Nxd2 30.Qxd2 Qb7 31.Qe2 Ra5 32.h4 Bb5 33.h5 b3 34.hxg6 hxg6 35.cxb3
Bxd3 36.Qxd3 Rb5 37.Rc3 Bb4 38.Rc7 1/2-1/2

[Event "Open FIDE de Pau"]
[Site "Pau"]
[Date "2007.??.??"]
[Round "4.18"]
[White "Rouqual, Guy"]
[Black "Boizier, Isabelle"]
[Result "1-0"]
[WhiteElo "1850"]
[BlackElo "1460"]
[PlyCount "65"]

1.d4 d5 2.Nf3 e6 3.e3 Nf6 4.Bd3 Bd7 5.Nbd2 c5 6.c3 Nc6 7.O-O c4 8.Bc2 b5 
9.Re1 Be7 10.e4 O-O 11.e5 Ne8 12.Nf1 b4 13.Ng3 f6 14.exf6 Nxf6 15.Ng5 Qc7 
16.Rxe6 h6 17.Rxc6 Qxc6 18.Nf3 Bd6 19.Nf5 Ne4 20.Ne5 Qc7 21.Bxe4 dxe4 22.
Nxd6 Qxd6 23.Nxc4 Qf6 24.Be3 Qh4 25.Qb3 Kh7 26.Ne5 Bg4 27.Qxb4 Rf5 28.Nxg4
Qxg4 29.c4 Raf8 30.Qd2 h5 31.b4 h4 32.h3 Rf3 33.hxg4 1-0

[Event "Open FIDE de Pau"]
[Site "Pau"]
[Date "2007.??.??"]
[Round "4.13"]
[White "Riviere, Frederic"]
[Black "Rundstrom, Douglas"]
[Result "1-0"]
[WhiteElo "1848"]
[BlackElo "2015"]
[PlyCount "67"]

1.d4 d5 2.c4 c6 3.Nc3 Nf6 4.cxd5 cxd5 5.Nf3 Nc6 6.Bf4 e6 7.e3 a6 8.Be2 Bd6
9.Bg3 h6 10.Bh4 g5 11.Bg3 b5 12.O-O Bxg3 13.hxg3 Qd6 14.Rc1 Bb7 15.Bd3 Nb4
16.Bxb5+ axb5 17.Nxb5 Qb8 18.Nc7+ Ke7 19.Qb3 Nc6 20.Nxa8 Qxa8 21.Ne5 Ne4 
22.Qb6 Rc8 23.f3 Nd6 24.Rc3 f6 25.Nxc6+ Rxc6 26.Rxc6 Bxc6 27.Rc1 Bd7 28.
Rc7 Qe8 29.Qc5 Qa8 30.Ra7 Qc8 31.Rc7 Qa6 32.b3 Qb5 33.Qa7 Nc8 34.Rxc8 1-0

[Event "Open FIDE de Pau"]
[Site "Pau"]
[Date "2007.??.??"]
[Round "4.1"]
[White "Lacroix, Romain"]
[Black "Franca, Ricardo Bedin"]
[Result "0-1"]
[WhiteElo "2170"]
[BlackElo "2215"]
[PlyCount "62"]

1.e4 c5 2.Nc3 g6 3.f4 Bg7 4.Nf3 d6 5.Bc4 Nc6 6.d3 e6 7.O-O Nge7 8.Qe1 O-O 
9.f5 gxf5 10.Qh4 fxe4 11.dxe4 Ng6 12.Qh5 f6 13.Be3 a6 14.a4 Qe7 15.Rad1 
Bd7 16.Nh4 Nxh4 17.Qxh4 Ne5 18.Ba2 Kh8 19.Bf4 Rad8 20.Bxe5 dxe5 21.Rd3 c4 
22.Rh3 h6 23.Nd1 Qc5+ 24.Ne3 Bc6 25.Kh1 Rd4 26.Ng4 Rxe4 27.Qh5 Be8 28.Qh4 
f5 29.b4 cxb3 30.Qg5 Rxg4 31.Rxh6+ Kg8 0-1

[Event "Open FIDE de Pau"]
[Site "Pau"]
[Date "2007.??.??"]
[Round "3.17"]
[White "Epov, Vladimir"]
[Black "Rouqual, Guy"]
[Result "1-0"]
[WhiteElo "1499"]
[BlackElo "1850"]
[PlyCount "51"]

1.e4 c6 2.d4 d5 3.e5 Bf5 4.Nf3 h6 5.Be3 Qb6 6.b3 e6 7.Nh4 Bh7 8.Bd3 Bxd3 
9.Qxd3 Qa6 10.c4 Bb4+ 11.Nd2 Ne7 12.a3 Nd7 13.O-O Bxd2 14.Bxd2 Rc8 15.Rfc1
c5 16.dxc5 Nxc5 17.Qg3 Ne4 18.Qxg7 Kd7 19.Bb4 Ng5 20.Bxe7 Rhg8 21.Qf6 Qc6 
22.Bd6 Rge8 23.Qxh6 Ne4 24.cxd5 Qxd5 25.Qe3 Nxd6 26.exd6 1-0

[Event "Open FIDE de Pau"]
[Site "Pau"]
[Date "2007.??.??"]
[Round "3.13"]
[White "Prieur, Axel"]
[Black "Louis, Thibault"]
[Result "1-0"]
[WhiteElo "1710"]
[BlackElo "1981"]
[PlyCount "109"]

1.d4 d5 2.Bg5 f6 3.Bh4 c5 4.e3 Nc6 5.c3 Bf5 6.Bb5 e6 7.Nd2 Bd6 8.f3 Ne7 9.
Ne2 O-O 10.O-O Qb6 11.Bxc6 bxc6 12.b3 cxd4 13.exd4 c5 14.Bf2 Nc6 15.dxc5 
Bxc5 16.c4 d4 17.Ng3 Bd3 18.Re1 e5 19.Nde4 Bxe4 20.Nxe4 Be7 21.Nc3 Qb7 22.
Nd5 Rad8 23.Qd3 Rxd5 24.cxd5 Nb4 25.Qf5 Qxd5 26.a3 g6 27.Qb1 Nc6 28.b4 Kg7
29.Qd3 Rb8 30.Rac1 Nd8 31.f4 Ne6 32.fxe5 fxe5 33.Bg3 Bd6 34.Qe4 Rb5 35.
Qxd5 Rxd5 36.Rc6 Kf7 37.Ra6 Bb8 38.Kf2 d3 39.Ke3 Nc7 40.Rc6 Nb5 41.Rd1 Nd4
42.Ke4 Rd7 43.Rxd3 a5 44.Rb6 Ba7 45.bxa5 Bxb6 46.axb6 Rb7 47.Bxe5 Ne6 48.
Rd6 Ke7 49.Kd5 h5 50.Rxe6+ Kf7 51.Kc6 Rxb6+ 52.Kxb6 Kxe6 53.Bb8 Kd7 54.a4 
Kc8 55.Be5 1-0

[Event "Open FIDE de Pau"]
[Site "Pau"]
[Date "2007.??.??"]
[Round "3.3"]
[White "Lacroix, Romain"]
[Black "Martinet, Regis"]
[Result "1-0"]
[WhiteElo "2170"]
[BlackElo "2067"]
[PlyCount "51"]

1.e4 c5 2.Nc3 Nc6 3.f4 e6 4.Nf3 d5 5.Bb5 Nf6 6.Bxc6+ bxc6 7.e5 Nd7 8.d3 
Ba6 9.b3 c4 10.bxc4 Bb4 11.Bd2 Qa5 12.Ne2 dxc4 13.d4 c3 14.Bc1 Nb6 15.O-O 
Rd8 16.Ng3 c5 17.f5 Bxf1 18.Qxf1 cxd4 19.Nh5 O-O 20.Qf2 d3 21.Qg3 Bc5+ 22.
Kh1 g6 23.Nf6+ Kg7 24.Qh4 h5 25.Nxh5+ gxh5 26.Qg5+ 1-0

[Event "Open FIDE de Pau"]
[Site "Pau"]
[Date "2007.??.??"]
[Round "3.2"]
[White "Franca, Ricardo Bedin"]
[Black "Fejzovski, Enver"]
[Result "1-0"]
[WhiteElo "2215"]
[BlackElo "2123"]
[PlyCount "93"]

1.e4 a6 2.c4 c5 3.Nf3 Nc6 4.d4 cxd4 5.Nxd4 Qc7 6.Be2 Nf6 7.Nc3 e6 8.Nc2 b6
9.O-O Bb7 10.f4 d6 11.b3 Be7 12.Bb2 O-O 13.Bf3 Rfd8 14.Qe2 Nd7 15.Kh1 Bf8 
16.Rad1 Ne7 17.Rd2 Ng6 18.g3 Rac8 19.Rfd1 Nf6 20.h4 h5 21.Kh2 d5 22.cxd5 
exd5 23.e5 d4 24.Nxd4 Bxf3 25.Qxf3 Ng4+ 26.Kg2 Bb4 27.Rd3 Rxd4 28.Rxd4 
Bxc3 29.Rc4 Qxc4 30.bxc4 Bxb2 31.Qb3 Rxc4 32.Rd8+ Kh7 33.Qxb2 Rc2+ 34.Qxc2
Ne3+ 35.Kf3 Nxc2 36.Rd6 b5 37.Rxa6 Ne7 38.Ke4 Nb4 39.Ra7 Nec6 40.Rc7 Nd8 
41.a3 Na6 42.Rc8 Ne6 43.f5 Nec5+ 44.Kd5 b4 45.axb4 Nd7 46.Kd6 Nxe5 47.b5 
1-0

[Event "Open FIDE de Pau"]
[Site "Pau"]
[Date "2007.??.??"]
[Round "2.9"]
[White "Tesan, Michael"]
[Black "Muratet, Lucas"]
[Result "1/2-1/2"]
[WhiteElo "2071"]
[BlackElo "1885"]
[PlyCount "94"]

1.d4 Nf6 2.Nf3 c5 3.c4 cxd4 4.Nxd4 e5 5.Nb5 d5 6.cxd5 Bc5 7.N5c3 O-O 8.e3 
Re8 9.Bb5 Bd7 10.Bxd7 Nbxd7 11.e4 Bd4 12.O-O Qb6 13.Qe2 Rec8 14.Kh1 Nc5 
15.f3 a6 16.Na3 Ne8 17.Rb1 Nd6 18.Nd1 f5 19.exf5 Nxf5 20.Ne3 Qg6 21.Nxf5 
Qxf5 22.Be3 Rd8 23.Nc2 Rxd5 24.Rbd1 Rad8 25.f4 Qe4 26.Nb4 R5d7 27.Qc4+ Kh8
28.Bxd4 Rxd4 29.Rxd4 Qxd4 30.Qxd4 exd4 31.Rd1 d3 32.Nc2 Kg8 33.Ne1 a5 34.
Kg1 Rd4 35.g3 Kf7 36.Nf3 Rd5 37.Kf2 Kf6 38.Ke3 h6 39.Ne5 g5 40.Nxd3 gxf4+ 
41.gxf4 Kf5 42.Nf2 Rxd1 43.Nxd1 Ne6 44.Nc3 Nxf4 45.Nb5 Ke5 46.Na3 Nd5+ 47.
Kf3 b6 1/2-1/2